Textbook of Oral Pathology (Record no. 22780)

MARC details
000 -LEADER
fixed length control field 00432nam a22001817a 4500
003 - CONTROL NUMBER IDENTIFIER
control field SGT
020 ## - INTERNATIONAL STANDARD BOOK NUMBER
International Standard Book Number 9789350901717
082 ## - DEWEY DECIMAL CLASSIFICATION NUMBER
Classification number 616.0707
Item number O13G
100 ## - MAIN ENTRY--PERSONAL NAME
Personal name Ghom, Anil Govindrao
245 ## - TITLE STATEMENT
Title Textbook of Oral Pathology
250 ## - EDITION STATEMENT
Edition statement 2nd
260 ## - PUBLICATION, DISTRIBUTION, ETC. (IMPRINT)
Place of publication, distribution, etc New Delhi, India
Name of publisher, distributor, etc Jaypee brothers
Year of Publication 2013
300 ## - PAGE DESCRIPTION
No. of Pages 1025
650 ## - SUBJECT ADDED ENTRY--TOPICAL TERM
Topical term or geographic name as entry element Oral Pathology
653 ## - KEYWORDS--INDEX TERM
Keyword term Oral Pathology
700 ## - ADDED ENTRY--PERSONAL NAME
Personal name Mhaske, Shubhangi
942 ## - ADDED ENTRY ELEMENTS (KOHA)
Source of classification or shelving scheme Dewey Decimal Classification
Koha item type Books
942 ## - ADDED ENTRY ELEMENTS (KOHA)
-- 1
Holdings
Withdrawn status Lost status Source of classification or shelving scheme Damaged status Not for loan Home library Current library Date acquired Vendor Name Cost, normal purchase price SGTU Bill Number Total Checkouts Full call number Accession No. (Barcode) Date last seen Date last borrowed Bill Date Koha item type
    Dewey Decimal Classification     SGT Dental Library SGT Dental Library 27/05/2022 Ahuja Book Co. Pvt. Ltd. 2195.00 SGTU 14353 1 616.0707 O13G FD8773 16/12/2023 16/12/2023 16/04/2022 Books
    Dewey Decimal Classification     SGT Dental Library SGT Dental Library 27/05/2022 Ahuja Book Co. Pvt. Ltd. 2195.00 SGTU 14353   616.0707 O13G FD8774 27/05/2022   16/04/2022 Books
    Dewey Decimal Classification     SGT Dental Library SGT Dental Library 27/05/2022 Ahuja Book Co. Pvt. Ltd. 2195.00 SGTU 14353   616.0707 O13G FD8775 27/05/2022   16/04/2022 Books